| 000 | 00488nam a2200181Ia 4500 | ||
|---|---|---|---|
| 003 | GCL | ||
| 008 | 140319s9999 xx 000 0 eng d | ||
| 040 |
_aGCL / _cGCL |
||
| 082 | 0 | 4 |
_aCC _b732.8 _bJ E |
| 100 | 1 | _aJAMES, T G H | |
| 245 | 1 | 0 |
_aEGYPTIAN SCULPTURES / _cJAMES, T G H |
| 260 |
_aنيويورك : _bTHE NEW AMERICAN LIBRARY |
||
| 300 |
_a36 P _bILL. ؛ _c16 cm. |
||
| 650 | 0 | 4 | _aART, ANCIENT EGYPT |
| 650 | 0 | 4 | _aSCLUPTURE |
| 650 | 0 | 4 | _aSCULPTURE, ANCIENT EGYPT |
| 942 |
_2ddc _cBK |
||
| 999 |
_c8623 _d8623 |
||